Τα ορθογραφικά λάθη των μαθητών του δημοτικού σχολείου : έρευνα σε μαθητές των τριών ανωτέρων τάξεων του Δημοτικού Σχολείου
Αποθηκεύτηκε σε:
| Κύριοι συγγραφείς: | , |
|---|---|
| Μορφή: | Βιβλίο |
| Γλώσσα: | Greek |
| Δημοσίευση: |
Αθήνα :
[χ.ό.],
1981.
|
| Θέματα: | |
| Ετικέτες: |
Προσθήκη ετικέτας
Δεν υπάρχουν, Καταχωρήστε ετικέτα πρώτοι!
|
MARC
| LEADER | 00000cam a2200000 a 4500 | ||
|---|---|---|---|
| 001 | 1/117511 | ||
| 008 | 181113s1981####gr | ||| |||| ||gre|| | ||
| 040 | |a GR-MyUa |b gre |c GR-MyUa |e AACR2 | ||
| 041 | 0 | |a gre | |
| 082 | 7 | |a 372.632 |2 (23) | |
| 100 | 1 | |a Γκόλιαρης, Χρήστος. | |
| 245 | 1 | 3 | |a Τα ορθογραφικά λάθη των μαθητών του δημοτικού σχολείου : |b έρευνα σε μαθητές των τριών ανωτέρων τάξεων του Δημοτικού Σχολείου / |c Χρήστου Γκόλιαρη, Γιάννη Κώνστα. |
| 260 | |a Αθήνα : |b [χ.ό.], |c 1981. | ||
| 300 | |a 68 σ. : |b πίν., σχήμ. ; |c 24 εκ. | ||
| 500 | |a Περιέχει παράρτημα. | ||
| 504 | |a Βιβλιογραφία: σ.[67]-68. | ||
| 650 | 0 | |a Greek language, Modern |x Orthography and spelling |x Study and teaching (Elementary) | |
| 650 | 0 | |a Language and languages |x Orthography and spelling |x Study and teaching (Elementary) | |
| 700 | 1 | |a Κώνστας, Γιάννης, |e aut |e aui | |
| 700 | 1 | |a Γκόλιαρης, Χρήστος, |e aui | |
| 852 | |a INST |b RHODES |c AKA |e 20181113 |h 372.632 ΓΚΟ |p 005400040309 |q 005400040309 |t BK |y 0 | ||
| 970 | |a Μαρία |b Κωτάκου |z 13-11-2018 | ||